000 006740000a22002770004500
440 _aStatistical data
_b16
650 _aIndustries
650 _aIndustrial profile
650 _aFinancial resources
650 _aProduction capacity
650 _aEmployment
650 _aProducts
650 _aMarkets
650 _aIndustrial economics
651 _aNepal
082 _a338.47
_bH47i
_cN
518 _a940106
530 _aM
110 _aHetauda Industrial District, Hetauda, Nepal
245 _aIndustrial profile for fiscal year 2040-41/1983-1984
260 _aHetauda, Nepal
260 _c1984
041 _aEng
300 _a84p.
942 _cGEN
999 _c2204
_d2204